00596 2200217 4500001002100000005001500021035002000036245007000056100001900126260003000145300003500175020001800210084001800228082001200246650001200258650001200270650001400282008004100296700002100337990002000358INLIS00000000000053820260304013850 a0010-10200003401 aAmerica's Third Revolution :bPublic Interest and th Private Role1 aShapiro,Irving aNew York :bHarper,c1984 axiii, 283 p. :bill. ;c25 cm. a0-06-039034-4 a321(73) SHA a a321(73) 4aPOLITIK 4aAMERIKA 4aINDUSTRI.260304 g 0 eng 0 aCarl B. Kaufmann a2883/PSEKP/2026